000 00415nam a22001697a 4500
003 MPLRDC
005 20220104124208.0
008 210129b ||||| |||| 00| 0 eng d
082 _a192.8 BUSC
100 _aLEO F.BUSCAGLIA, PH.D.著; 简宛译
245 _a一片叶子
_c
250 _a初版
260 _a
_b财团法人洪建全教育文
_c1985
300 _b
650 _a
942 _cBK
_o192.8 BUSC
999 _c17396
_d17386